000 00648nam a2200205Ia 4500
003 GCL
008 140319s9999 xx 000 0 ara d
040 _aGCL /
_cGCL
082 0 4 _aق
_b932
_bا م
100 1 _aاحمد فخرى
245 1 0 _aمصر الفرعونية:موجز تاريخ منذ اقدم العصور حتى عام 332 قبل الميلاد /
_cاحمد فخرى
260 _a[S.N] :
_bمكتبة الانجلوالمصرية ،
_c1981
300 _a494 ص
490 _a
650 0 4 _aمصر
650 0 4 _aتاريخ
650 0 4 _aمصر القديمة
650 0 4 _aالحضارة الفرعونية
942 _2ddc
_cBK
999 _c59015
_d59015